| 000 | 01024nam a2200289Ia 4500 | ||
|---|---|---|---|
| 003 | OSt | ||
| 005 | 20220926025125.0 | ||
| 006 | a|||||r|||| 00| 0 | ||
| 007 | ta | ||
| 008 | 220923b |||||||| |||| 00| 0 eng d | ||
| 020 |
_a0199241856 _cPd 48.00 |
||
| 037 |
_b3483, 04/10/2001, Elite _cGeneral Book |
||
| 040 |
_aRTL _cRTL _beng |
||
| 041 |
_2eng _aeng |
||
| 082 | _aY:5231.49G.P, P1 | ||
| 100 |
_aPhillips James F _9331913 |
||
| 245 | 0 | _aFertility transition in South Asia | |
| 260 |
_aOxford _bOxford University Press _c2001 |
||
| 300 |
_axiv, 434p _ccm. |
||
| 490 | _aInternational Studies in Demography. International Union for the Scientific Study of Population Problems. International studies in demography | ||
| 500 | _aBibliography chapterwise | ||
| 650 | _a Sociology | ||
| 650 | _aFertility | ||
| 700 |
_a Sathar Zeba Ayesha Ed _9331914 |
||
| 942 |
_hY:5231.49G.P, P1 _cGB _2CC |
||
| 999 |
_c646349 _d646349 |
||